Music Quiz

Random Music Quiz

Top-Selling Non-American Music Artists Quiz Stats

 Plays Quiz not verified by Sporcle

Support Sporcle.
Go Orange.
Score 0/63 Timer 12:00
0 Plays Today
Sales Artist % Correct
600 million - 1 billionThe Beatles
93.9%
200 millionThe Rolling Stones
86.8%
200 million - 300 millionABBA
84.2%
150 millionU2
72.8%
250 million - 300 millionElton John
65.8%
200 millionAC/DC
61.4%
100 millionThe Who
57.9%
200 million - 300 millionLed Zeppelin
55.3%
200 millionPink Floyd
55.3%
200 millionCeline Dion
50.9%
150 million - 300 millionQueen
49.1%
100 millionJulio Iglesias
43%
65 million - 100 millionBryan Adams
43%
70 millionShakira
41.2%
55 millionEnrique Iglesias
40.4%
100 millionPaul McCartney
39.5%
50 millionBlack Sabbath
38.6%
140 millionDavid Bowie
36.8%
120 million - 200 millionBee Gees
33.3%
100 million - 150 millionPhil Collins
31.6%
150 millionGenesis
30.7%
51 milliona-ha
30.7%
100 millionOlivia Newton-John
28.1%
50 millionOasis
28.1%
70 millionIron Maiden
26.3%
50 millionThe Police
26.3%
70 millionRobbie Williams
25.4%
100 millionScorpions
24.6%
65 million - 75 millionSpice Girls
24.6%
100 millionGeorge Michael
23.7%
60 millionAlanis Morissette
23.7%
60 million - 70 millionDuran Duran
22.8%
Sales Artist % Correct
50 millionColdplay
22.8%
80 millionSantana
21.9%
65 millionDef Leppard
21.9%
60 millionKylie Minogue
21.9%
100 millionRod Stewart
21.1%
70 millionEnya
19.3%
50 millionNickelback
17.5%
100 millionLuciano Pavarotti
15.8%
50 millionAce of Base
15.8%
100 millionDepeche Mode
13.2%
120 millionDire Straits
12.3%
55 millionRoxette
12.3%
75 millionShania Twain
10.5%
50 millionElectric Light Orchestra
9.6%
50 millionPet Shop Boys
9.6%
75 millionEurythmics
8.8%
70 millionAndrea Bocelli
8.8%
80 millionBoney M.
5.3%
70 millionUB40
3.5%
60 millionJethro Tull
3.5%
60 millionLuis Miguel
2.6%
80 million - 100 millionJohnny Hallyday
1.8%
75 millionビーズ (B'z)
1.8%
55 millionドリームズ・カム・トゥル (Dreams Come True)
1.8%
50 millionミスターチルドレン (Mr. Children)
1.8%
50 millionSade
1.8%
50 million浜崎 あゆみ (Ayumi Hamasaki)
1.8%
50 million宇多田 ヒカル (Hikaru Utada)
1.8%
50 millionAnne Murray
1.8%
50 millionJames Last
0.9%
50 millionVicente Fernández
0.9%

You're not logged in!

Compare scores with friends on all Sporcle quizzes.
OR
Log In

From the Vault

Baby Names: 'O' & 'P' Girl Names by Decade

by triplet_3

Of course, it would be difficult for these names to start with both letters at the same time.
Remove Ads.
Support Sporcle.
Get the best of Sporcle when you Go Orange. This ad-free experience offers more features, more stats, and more fun while also helping to support Sporcle. Thank you for becoming a member.

Show Comments

Extras

Top Quizzes Today


Score Distribution

Your Account Isn't Verified!

In order to create a playlist on Sporcle, you need to verify the email address you used during registration. Go to your Sporcle Settings to finish the process.

Report this User

Report this user for behavior that violates our Community Guidelines.

Details: